[Event "Preinscritos IRT Online"]
[Site "Chess.com INT"]
[Date "2020.12.26"]
[Round "6"]
[White "Quizhpe Vaca, Diego Andres"]
[Black "Jimenez Gaibor, Octavio"]
[Result "1-0"]
[WhiteElo "1984"]
[BlackElo "1781"]
[PlyCount "91"]
[EventDate "2020.12.26"]
[EventType "swiss"]
[EventRounds "11"]
[EventCountry "ECU"]
[SourceTitle "CBM 200 Extra"]
[Source "ChessBase"]
[SourceDate "2021.03.31"]
[SourceVersion "1"]
[SourceVersionDate "2021.03.31"]
[SourceQuality "1"]

1. e4 c6 2. Nc3 d5 3. Nf3 Bg4 4. h3 Bh5 5. exd5 cxd5 6. g4 Bg6 7. Bb5+ Nc6 8. Ne5 Qc7 9. d4 e6 10. h4 a6 11. Bxc6+ bxc6 12. h5 Bd6 13. hxg6 Bxe5 14. Rxh7 Rxh7 15. gxh7 0-0-0 16. h8Q Nh6 17. Qxd8+ Kxd8 18. dxe5 Qxe5+ 19. Qe2 Qh2 20. Bxh6 Qh1+ 21. Qf1 Qxh6 22. Qxa6 Qh1+ 23. Qf1 Qf3 24. Rd1 Qxg4 25. Qe2 Qg1+ 26. Kd2 Qg5+ 27. Qe3 Qh4 28. Ne2 Qb4+ 29. Kc1 Qc4 30. Rd4 Qxa2 31. Rb4 Qa1+ 32. Kd2 Qa5 33. Qb6+ Qxb6 34. Rxb6 Kc7 35. Rb3 Kd6 36. Rg3 g6 37. c3 Ke7 38. Nd4 c5 39. Nb3 Kd6 40. f4 c4 41. Nd4 Ke7 42. Ke3 Kf6 43. Rh3 Kg7 44. Nf3 Kf6 45. Rh7 Kf5 46. Rxf7+ 1-0

[Event "Preinscritos IRT Online"]
[Site "Chess.com INT"]
[Date "2020.12.26"]
[Round "9"]
[White "Quizhpe Vaca, Diego Andres"]
[Black "Ulloa Centeno, Leandro Nicolas"]
[Result "1/2-1/2"]
[WhiteElo "1984"]
[BlackElo "1855"]
[PlyCount "96"]
[EventDate "2020.12.26"]
[EventType "swiss"]
[EventRounds "11"]
[EventCountry "ECU"]
[SourceTitle "CBM 200 Extra"]
[Source "ChessBase"]
[SourceDate "2021.03.31"]
[SourceVersion "1"]
[SourceVersionDate "2021.03.31"]
[SourceQuality "1"]

1. e4 e6 2. d4 d5 3. e5 c5 4. c3 Nc6 5. Nf3 Qb6 6. a3 Bd7 7. b4 c4 8. g3 Nge7 9. h4 g6 10. h5 Bg7 11. h6 Bf8 12. Bg5 0-0-0 13. Nbd2 Re8 14. Bf6 Rg8 15. Bh3 Bxh6 16. g4 g5 17. Bg2 Rg6 18. Rh5 Ng8 19. Bxg5 f6 20. exf6 Bxg5 21. f7 Rf8 22. Rxg5 Rxf7 23. Rxg6 hxg6 24. Qe2 Nge7 25. Ne5 Nxe5 26. Qxe5 Qd8 27. Ke2 Nc6 28. Qg3 Qe7 29. Re1 Qf6 30. Nf3 Qf4 31. Qxf4 Rxf4 32. g5 Ne7 33. Bh3 Nf5 34. Bxf5 exf5 35. Ne5 Be8 36. Kd2 Rxf2+ 37. Re2 Rxe2+ 38. Kxe2 b6 39. Ke3 Kd8 40. Kf4 Ke7 41. a4 a6 42. a5 bxa5 43. bxa5 Kd6 44. Nf3 Ke6 45. Ne5 Kd6 46. Nf3 Ke6 47. Nd2 Ba4 48. Nf3 Be8 1/2-1/2

[Event "Preinscritos IRT Online"]
[Site "Chess.com INT"]
[Date "2020.12.26"]
[Round "7"]
[White "Vasquez Zambrano, Luis Fabricio"]
[Black "Quizhpe Vaca, Diego Andres"]
[Result "0-1"]
[WhiteElo "1620"]
[BlackElo "1984"]
[PlyCount "114"]
[EventDate "2020.12.26"]
[EventType "swiss"]
[EventRounds "11"]
[EventCountry "ECU"]
[SourceTitle "CBM 200 Extra"]
[Source "ChessBase"]
[SourceDate "2021.03.31"]
[SourceVersion "1"]
[SourceVersionDate "2021.03.31"]
[SourceQuality "1"]

1. e4 Nf6 2. Nc3 e5 3. Nf3 Bb4 4. d3 0-0 5. Bd2 Re8 6. Be2 c6 7. 0-0 d5 8. exd5 cxd5 9. a3 Bd6 10. Re1 Nc6 11. Bf1 Bg4 12. h3 Bh5 13. Be2 h6 14. Nh2 Bxe2 15. Rxe2 Rc8 16. Nf3 Bb8 17. Qe1 a6 18. Rc1 Qd6 19. g3 Ba7 20. Kg2 b5 21. b4 Nd4 22. Nxd4 Bxd4 23. Rb1 Rc6 24. Rb3 Rec8 25. Kf1 Qc7 26. Kg2 Bxc3 27. Rxc3 Rxc3 28. Bxc3 Qxc3 29. Qxc3 Rxc3 30. Rxe5 Rxa3 31. Re2 Ra2 32. Kf3 Rb2 33. c3 Rxe2 34. Kxe2 Kf8 35. Ke3 Ke7 36. Kd4 Kd6 37. f4 Nd7 38. g4 Nb8 39. h4 Nc6+ 40. Ke3 d4+ 41. Kd2 dxc3+ 42. Kxc3 Kd5 43. g5 hxg5 44. fxg5 g6 45. Kd2 Nd4 46. Kc3 Nf5 47. h5 gxh5 48. g6 fxg6 49. d4 h4 50. Kb2 h3 51. Ka3 h2 52. Kb3 h1Q 53. Ka3 Qf3+ 54. Kb2 Kc4 55. Kb1 Qe2 56. d5 Kb3 57. Kc1 Qc2# 0-1